Music Quiz

Random Music or Album Quiz

Debut Album By Band Quiz Stats

 Plays Quiz not verified by Sporcle

Score 0/12 Timer 12:00
0 Plays Today
album band % Correct
My GenerationThe who
98.3%
SteppenwolfSteppenwolf
91.4%
Procol HarumProcol Harum
82.8%
High VoltageAC
81%
BleachNirvana
79.3%
Blind FaithBlind Faith
69%
Outlandos D'amourThe Police
69%
Music From the Big PinkThe Band
58.6%
Deja vuCrosby, Stills, Nash and Young
50%
Can't Buy a ThrillSteely Dan
29.3%
TruthJeff Beck
12.1%
Music in a Dolls HouseFamily
10.3%

You're not logged in!

Compare scores with friends on all Sporcle quizzes.
OR
Log In

Show Comments

Extras

Created Feb 15, 2012ReportNominate
Tags:Album Quiz, debut, released

Top Quizzes Today


Score Distribution

Your Account Isn't Verified!

In order to create a playlist on Sporcle, you need to verify the email address you used during registration. Go to your Sporcle Settings to finish the process.

Report this User

Report this user for behavior that violates our Community Guidelines.

Details: